| 000 | 00534 a2200193 4500 | ||
|---|---|---|---|
| 005 | 20260408164123.0 | ||
| 008 | 260408b |||||||| |||| 00| 0 eng d | ||
| 020 |
_a9781845418823 _c£ 39.95 |
||
| 040 | _aMAIN | ||
| 082 |
_a338.4791 _bT487C |
||
| 100 | _aTimothy, Dallen J | ||
| 245 | _aContemporary perspectives on shopping, retail and tourism | ||
| 260 |
_bChannel View Publications _c2025 _aBristol |
||
| 300 | _axvi, 271 | ||
| 650 | _aTourism | ||
| 650 | _aConsumer Behaviour | ||
| 650 | _aShopping Tourism | ||
| 942 | _cBK | ||
| 999 |
_c395694 _d395694 |
||